Statistics for Countries by Coffee Consumption

Click here to take the quiz!

General Stats

  • This quiz has been taken 1,424 times
  • The average score is 19 of 25

Answer Stats

HintAnswer% Correct
#214.2United States
98%
#125.9Italy
92%
#155.4France
90%
#145.5Germany
90%
#194.5Spain
90%
#68.2Sweden
90%
#96.5Canada
88%
#112.0Finland
88%
#29.9Norway
88%
#48.7Denmark
85%
#135.8Brazil
83%
#58.4Netherlands
82%
#86.8Belgium
81%
#204.3Portugal
81%
#116.1Austria
79%
#145.5Greece
77%
#77.9Switzerland
77%
#39.0Iceland
73%
#194.5Estonia
60%
#135.8Slovenia
58%
#165.1Croatia
57%
#194.5Serbia
55%
#106.2Bosnia and Herzegovina
48%
#174.9Cyprus
28%
#184.8Lebanon
17%

Score Distribution

Percentile by Number Answered

Percent of People with Each Score

Your Score History

You have not taken this quiz